00699 2200265 4500001002100000005001700021008004100038035002400079082001100103090001800114100001600132245008100148260003100229300002600260500002700286650002800313850001200341980001500353985000600368999001500374990001100389990001100400990001100411990001100422YOGYA-0209000005390020090227033225.0 ind  0010-020900000053900 a438.24 a438.24bHar W aHARDJONO, J aWis Sprechen DeuhchbGrachbuch for die oberschulen in IndonesiacT. Hardjono aJakartabBumi Restuc(s.a) a...jilidbilusc24 cm aYang diterima : jil. 2 aPelajaran bahasa jerman aYOPDYOG a28-12-2007 a1 aP000006676 a6676-P a6676-P a6676-P a6676-P